000 00992cam a2200169ua 4500
020 _cRs 100.00
041 _aeng
_h
082 _a338.9
_bPLA/TO
110 1 _aPlanning Commintion .
_b
_c(India )
245 _aTowards a self relevant economy: India`s third plan 1961-66 /
_cPlanning Commission of India.
_hTextual Documents
260 _aIndia :
_bPublication Division, Govt. of India ,
_c1962.
300 _a320 ; .
365 _aRs 100.00
504 _a
942 _cBK
999 _c1862
_d1862